00484nam a22001577a 450000500170000001000150001702000260003203500140005803700130007208200120008510000190009724500910011626000360020727000580024330000250030120220310170742.0 aENG-131943 a9789387162402c450.00 aEN-115476 bDBAD/PUB a362.042 aS, Navaneethan aSocial Issues In India and Tamil Nadu:bA Must Read Material For TNPSC/cNavaneethan S aTamil NadubTamizhi Booksc2021 a20th Main Road,Anna Nagar ChennaibTamil Nadue600040 avii,396p.c28cm(pbk)